000 00313nam a22001217a 4500
008 230606b xxu||||| |||| 00| 0 eng d
082 _a352.4
_bKEN
110 _bMinistry of Finance
245 _aQuarterly Budget review
_bThird quarter 2005/2006
250 _aAugust, 2006 Edition
300 _a27p
942 _2ddc
_cBK
999 _c609
_d609